| Registos Bibliográficos associados ao registo de autoridade |
|
Etiqueta de registo: 00000nam 2200025 450 001 2047855 003 http://id.bnportugal.gov.pt/bib/catbnp/2047855 100 ## $a20200616d2019 k y0pory01030103ba 101 0# $aeng$dpor 102 ## $aPT 105 ## $aa m 000yy 106 ## $ar 200 1# $aHuman-powered smartphone assistance for blind people$fAndré Filipe Pereira Rodrigues$gorient. Tiago Guerreiro, Kyle Montague 210 #9 $aLisboa$c[s.n.],$d2019 215 ## $aXVIII, 174 p.$cil.$d30 cm$ecurriculum vitae ([3] f.) 328 #1 $aTese dout. Informática (Ciência da Computação), Fac. de Ciências, Univ. de Lisboa,
2019 675 ## $a004.9(043)$vBN$zpor$3788403 675 ## $a621.39(043)$vBN$zpor$3297878 700 #1 $aRodrigues,$bAndré Filipe Pereira$31783379 702 #1 $aGuerreiro,$bTiago João Vieira$4727$31412915 702 #1 $aMontague,$bKyle$4727$31783381 801 #0 $aPT$bBN$gRPC 966 ## $lBN$mFGMON$sP. 55805 V.$x1
Etiqueta de registo: 00254nam 2200025 450 001 2278627 003 http://id.bnportugal.gov.pt/bib/catbnp/2278627 100 ## $a20260310d2025 k y0pory01030103ba 101 0# $aeng$dpor 102 ## $aPT 105 ## $aa m 000yy 106 ## $ar 200 1# $aDemocratizing user interfaces$fSérgio Flávio Barros Antunes Alves$gorient. Tiago Guerreiro, Kyle Montague 210 #9 $aLisboa$c[s.n.],$d2025 215 ## $aXVII, 295, [13] p.$cil.$d30 cm$ecurrículum vitae ([6] p.) 328 #1 $aTese dout. Informática, Faculdade de Ciências da Universidade de Lisboa, 2025 675 ## $a004.5(043)$vBN$zpor$31215225 700 #1 $aAlves,$bSérgio Flávio Barros Antunes$31990335 702 #1 $aGuerreiro,$bTiago João Vieira$4727$31412915 702 #1 $aMontague,$bKyle$4727$31783381 801 #0 $aPT$bBN$gRPC 966 ## $lBN$mFGMON$sP. 72341 V.$x1 971 ## $cabrito$d20260310 972 ## $e0$z0$d20260408$vasantos 973 ## $cigoulao$d20260323
|
|
|